| 000 | 00592nam a2200217Ia 4500 | ||
|---|---|---|---|
| 005 | 20250508164520.0 | ||
| 008 | 008 250505s9999 xx 000 0 eng d | ||
| 037 | _aTextual | ||
| 040 |
_aFEDL _beng _cFEDL |
||
| 041 |
_aeng _2eng |
||
| 084 |
_a370, MAR _qFEDL |
||
| 100 |
_aMargaret K T _9778344 |
||
| 245 | 0 | _aOpen classroom : A journey through education | |
| 260 |
_aHyderabad, India _bOrient Longman Limited _c1999 |
||
| 300 | _axvii,203p. | ||
| 365 |
_aINR _b125 |
||
| 546 | _aMACESE | ||
| 650 | _aEducation | ||
| 942 |
_cTEXL _h370, MAR |
||
| 999 |
_c1389517 _d1389517 |
||